| 000 | 00671nam a2200253Ia 4500 | ||
|---|---|---|---|
| 003 | OSt | ||
| 005 | 20221005091254.0 | ||
| 006 | a|||||r|||| 00| 0 | ||
| 007 | ta | ||
| 008 | 221004b |||||||| |||| 00| 0 eng d | ||
| 020 | _a0333927478 | ||
| 024 | _a35607 | ||
| 037 | _cTextual | ||
| 040 |
_aCRL _cCRL _beng |
||
| 041 |
_2eng _aeng |
||
| 082 | _aR6, P1 | ||
| 100 |
_aRam-Prasad Chakravarthi _9449190 |
||
| 245 | 0 | _aKnowledge and liberation in classical Indian thought | |
| 260 |
_aNew York _bPalgrave _c2001 |
||
| 300 |
_a259p. _ccm. |
||
| 650 | _aPHILOSOPHY | ||
| 942 |
_hR6, P1 _cTEXL _2cc |
||
| 999 |
_c997042 _d997042 |
||